00940cam a2200253 a 45000010005000000030008000050050017000130080041000300200015000710350018000860400029001040410008001330820022001411000033001632450084001962600037002803000025003176500032003426500031003749420012004059990015004179520132004329520122005647177BD-RjUL20211208234357.0140113s1983 nyu 000 0 eng  a0670703907 a(BD-RjUL)7219 aLCbengcLCdNUdBD-RjUL aeng04a081219bTHL 19831 aThomas, Lewis,d1913-92245710aLate night thoughts on listening to Mahler's Ninth symphony /cby Lewis Thomas. aNew York :bViking Press,c1983. avi, 168 p. ;c21 cm. 0aSciencexPhilosophy.922458 0aBiologyxPhilosophy.93798 2ddccBK c7177d7177 00102ddc40718NFICaRUCLbRUCLcrared1982-09-10eAsia foundationl0o081 THL 1983r2014-01-13 00:00:00tC-1w2014-01-13yBK 00102ddc40708NFICaRUCLbRUCLcStackd1985-10-08egiftl0o081 THL 1983r2017-04-20 00:00:00tC-2w2017-04-20yBK